000
00319nam a2200133Ia 4500
005
20251222155209.0
008
251222s9999||||xx |||||||||||||| ||spa||
082
_a
AFIS 19
100
_a
MILLER, Jonathan,
245
0
_a
Un estudio tridimensional Cuerpo Humano
250
_a
1ra. ed.
264
_b
Norma
942
_c
LIB
999
_c
40223
_d
40223